Brownov pohyb a pravdepodobnosť krachu diplomová práca

Guardado en:
Detalles Bibliográficos
Autor principal: Wild, Matej
Autor Corporativo: Fakulta hospodárskej informatiky EU. Katedra matematiky
Otros Autores: Horáková, Galina
Formato: Libro
Lenguaje:eslovaco
Publicado: Bratislava 2013
Etiquetas: Agregar Etiqueta
Sin Etiquetas, Sea el primero en etiquetar este registro!

MARC

LEADER 00000nbm a2200000 4500
001 0171712
005 20161109102452.1
041 0 |a slo 
044 |a SK 
245 1 0 |a Brownov pohyb a pravdepodobnosť krachu  |b diplomová práca  |c Matej Wild ; školiteľ: Galina Horáková 
264 1 |a Bratislava  |c 2013 
300 |a 61 s. 
100 1 |a Wild, Matej 
700 1 |a Horáková, Galina 
710 2 |a Fakulta hospodárskej informatiky EU. Katedra matematiky